Trouve Les Capitales - Asie - Statistiques

Statistiques générales
  • Ce quiz a été pris 61 fois
  • Le résultat moyen est 32 sur 48
Statistiques - réponses
Par images Réponse % Correct
Pékin/Beijing
98%
Tokyo
98%
Séoul
97%
Jérusalem
93%
New Delhi
90%
Ankara
85%
Beyrouth
80%
Nicosie
80%
Téhéran
80%
Doha
78%
Hanoï
77%
Bangkok
75%
Pyongyang
75%
Riyad
75%
Bagdad
73%
Jakarta
73%
Katmandou
73%
Singapour
73%
Bakou
72%
Dacca
72%
Islamabad
72%
Erevan
70%
Manille
70%
Oulan-Bator
68%
Tbilissi
68%
Astana
67%
Kuala Lumpur
67%
Phnom Penh
67%
Damas
65%
Koweit
63%
Taipei
63%
Vientiane
60%
Achgabat
58%
Bichkek
57%
Kaboul
57%
Sanaa
57%
Amman
55%
Malé
55%
Tachkent
55%
Manama
53%
Thimphou
53%
Douchanbé
52%
Naypyidaw
52%
Díli
50%
Colombo/Sri Jayawardenapura Kotte
48%
Mascate
48%
Bandar Seri Begawan
45%
Abou Dhabi
20%
Aucun quiz correspondant
Distribution des résultats
% des personnes avec chaque résultat
Percentile par nombre de réponses
Votre historique - résultats
Vous n’avez pas pris ce quiz